| 000 | 00514nam a2200217Ia 4500 | ||
|---|---|---|---|
| 008 | 210210b2018 xxu||||| |||| 00| 0 eng d | ||
| 020 | _a9788184570561 | ||
| 041 | _aeng | ||
| 082 | _a530.092K MAYS | ||
| 100 | _aMAYURA (Bi Es) | ||
| 245 | _aStifan haking: baduku mattu vichara | ||
| 260 |
_aBengaluru _bNavakarnataka Prakashana _c2018 |
||
| 300 | _a92 | ||
| 650 | _avichara | ||
| 650 | _aStifan | ||
| 650 | _amattu | ||
| 650 | _ahaking | ||
| 650 | _abaduku | ||
| 690 | _aBiography | ||
| 906 | _a073727 | ||
| 999 |
_c123481 _d123481 |
||